00223nam a2200097Ia 4500008004100000082000800041100001500049245004000064942000600104999001500110240331s9999 xx 000 0 und d bFRE aMoi, T. ed 0aFrench feminist thought :bA reader cL c1761d1761